000 00494nam a2200157Ia 4500
008 230907s9999||||xx |||||||||||||| ||und||
082 _a621.3
_bTAY
100 _aMuhammad Tayyab Waheed (00000117884)
_9116457
245 0 _aIntegrated Urban Energy Planning in Twin Cities of Islamabad and Rawalpindi /
260 _aUSPCAS-E, NUST,
_bIslamabad :
_c2019
300 _a85 p.
520 _aTH-158
650 _aMS-ESE Thesis MS Thesis
700 _aDr. Kafait Ullah
_9116991
942 _cTHE
_2ddc
999 _c601837
_d601837